Normal view
MARC view
- 005.8,MAH
Entry Personal Name
001 - CONTROL NUMBER
- control field: 121331
003 - CONTROL NUMBER IDENTIFIER
- control field: NUST
005 - DATE AND TIME OF LATEST TRANSACTION
- control field: 20240226133015.0
008 - FIXED-LENGTH DATA ELEMENTS
- fixed length control field: 240226|| aca||aabn | a|a d
040 ## - CATALOGING SOURCE
- Original cataloging agency: NUST
- Transcribing agency: NUST
100 ## - HEADING--PERSONAL NAME
- Personal name: 005.8,MAH
670 ## - SOURCE DATA FOUND
- Source citation: Work cat.: (NUST): 005.8,MAH, A Control Framework for Openid /, Feb 2012
